书目信息 |
| 题名: |
美利坚和众国演义
|
|
| 作者: | 佩西 著 | |
| 分册: | 中集 | |
| 出版信息: | 北京 北京出版社 1981.01 |
|
| 页数: | 429页 | |
| 开本: | 24cm | |
| 丛书名: | ||
| 单 册: | ||
| 中图分类: | D51 | |
| 科图分类: | ||
| 主题词: | 国际政治 | |
| 电子资源: | ||
| ISBN: | ||
| 000 | 00532nam0 2200181 450 | |
| 001 | 202410309542286822 | |
| 005 | 20241030101928.18 | |
| 010 | @d¥1.20 | |
| 100 | @a20241030d km y0chiy0120 ea | |
| 101 | 0 | @achi |
| 200 | 1 | @a美利坚和众国演义@AMei Li Jian He Zhong Guo Yan Yi@h中集@f佩西著@FPei Xi Zhu |
| 210 | @a北京@c北京出版社@d1981.01 | |
| 215 | @a429页@d24cm | |
| 606 | 0 | @a国际政治 |
| 690 | @aD51@v4 | |
| 701 | 0 | @a佩西@APei Xi@4著 |
| 801 | 0 | @aCN@b大连网信软件有限公司图书馆·11@c20241030 |
| 905 | @aZUCC@b1438415@dD51@e275:2@f1 | |
| 美利坚和众国演义.中集/佩西著.-北京:北京出版社,1981.01 |
| 429页;24cm |
| ISBN :¥1.20 |
| ● |
| 相关链接 |
|
|
|
|
正题名:美利坚和众国演义
索取号:D51/275:2
 
预约/预借
| 序号 | 登录号 | 条形码 | 馆藏地/架位号 | 状态 | 备注 |
| 1 | 1438415 | 214384156 | 密集书库—外国语学院/ [索取号:D51/275:2] | 在馆 |